000
00313nam a22001457a 4500
008
221124b ||||| |||| 00| 0 eng d
020
_a
9781584265252
041
_a
eng
080
_a
61
082
_a
61SMI
100
_a
4
101
_a
MJK
245
_a
BASIC CURRENT PROCEDURAL
_c
SMITH I G
942
_2
udc
_c
BK
999
_c
59036
_d
59036